| 000 | 00613nam a22001937a 4500 | ||
|---|---|---|---|
| 005 | 20150922151042.0 | ||
| 010 | _aENG-113717 | ||
| 020 |
_a9788170546764 _c400.00 |
||
| 035 | _aEN- 97249 | ||
| 037 | _bDBAD/PUB | ||
| 082 | _a305.0954127 | ||
| 100 | _aMehrotra, Onika | ||
| 245 |
_aSocial and political factions of rural India / _cby Onika Mehrotra |
||
| 260 |
_aNew Delhi _bClassical Publishing _c2014 |
||
| 270 |
_a28, Shopping Centre, Karampura _bNew Delhi _e110015 |
||
| 300 |
_avi,141p. _c21cm(Hb) |
||
| 500 | _aIncludes bibliographical references | ||
| 942 |
_2ddc _cEN _mMEH _h305.0954127 |
||
| 999 |
_c95303 _d95303 |
||